| 000 | 01267cab a2200385 4500 | ||
|---|---|---|---|
| 001 | ABS58955 | ||
| 008 | 090401t1998 xxu||||| |||| 00| 0 eng d | ||
| 035 | _a(Sirsi) u87144 | ||
| 041 | _aeng | ||
| 100 | _aWignall, G. | ||
| 245 | _aHandling right to light claims | ||
| 260 | _c1998 | ||
| 350 | _a0 | ||
| 490 |
_aSolicitors` Journal _v142(24) 19 June 1998, 574-575(2) |
||
| 520 | _aConsiders the extent to which an interference with a right of light is a nuisance and therefore actionable. Discusses the need to establish the existence of an easement, the types of dispute, the use of a right to light expert and, injunctions and damages. | ||
| 650 | _aCITY OF LONDON BREWERY CO V TENNANT | ||
| 650 | _aCLAIMS | ||
| 650 | _aCOLLS V HOME & COLONIAL STORES 1904 | ||
| 650 | _aCOURTAULD V LEGH | ||
| 650 | _aDAMAGES | ||
| 650 | _aEASEMENT | ||
| 650 | _aGAFFORD V GRAHAM, THE TIMES | ||
| 650 | _aINJUNCTION | ||
| 650 | _aJAGGARD V SAWYER | ||
| 650 | _aNUISANCE | ||
| 650 | _aOUGH V KING | ||
| 650 | _aPRESCRIPTION ACT 1832 S3 | ||
| 650 | _aRIGHT TO LIGHT EXPERT | ||
| 650 | _aRIGHTS TO LIGHT | ||
| 650 | _aSERVIENT TENEMENTS | ||
| 650 | _aSMITH V BAXTER | ||
| 690 | _aPROPERTY LAW AND PRACTICE | ||
| 942 | _n0 | ||
| 948 | _c02/07/1998 | ||
| 999 |
_c54931 _d54931 |
||